000 00666nam a2200205Ii 4500
003 JO-AjNU
008 230606s9999||||xx |||||||||||||| ||und||
020 _a0-13-342205-4
040 _aJO-AjNU
_beng
_erda
_cJO-AjNU
041 _aeng
050 1 4 _aHF5679 1996
100 3 _aHearing,Sylvia,
_eauthor
_93181
245 0 0 _aComputerized Accounting With CA-Simply Accounting for Windows
264 3 1 _aNew Jersey: Prentice-Hall Englewood Cliffs,1996
300 _a635p
_bIncludes appendix indexes(p583-635)
336 _atext
_btxt
_2rdacontent
337 _aunmediated
_bn
_2rdamedia
338 _avolume
_bnc
_2rdacarrier
650 4 _aComputerized Accounting
_93182
999 _aE1666
_c1666
_d1666